000 00852nam a2200181 a 4500
001 000041663
005 20201002035707.0
008 131015s2003 sp ac 000 0 spa d
020 _a8487610129
040 _aDO-SdBNP
_bspa
_cBNPHU
082 _axxxx
_bxxxx
100 1 _aValverde, José A.
_d1926-2003
_968454
245 1 0 _aMemorias de un biólogo heterodoxo /
_cJosé A. Valverde.
260 _aMadrid, :
_bQuercus
_bConsejo Superior de Investigaciones Científicas,
_c2003.
300 _a7 v. :
_bil., retrs. ;
_c24 cm.
500 _aLa biblioteca posee los volumenes 1, 2, 5 y 7
505 1 _tOrígenes castellanos, navegando en descubierta
_gv.1
_tEn el Consejo Superior de Investigaciones Científicas (CSIC)
_gv.2
_tSáhara, Guinea y Marruecos
_gv. 3
_tHomonización
_tReyes, osos, lobos, espátulas y otros bichos
_gv. 6
_gv.5
_tPesca, ballenas, barcas
_gv.7
999 _c41153
_d41153